Bioquímica de harper /

Guardado en:
Autor Principal: Murray, Roberto K
Formato: Libro
Publicado: México : El Manual Moderno, 1993
Edición:13a. ed.
Materias:
Etiquetas: Agregar Etiqueta
Sin Etiquetas, Sea el primero en etiquetar este registro!
LEADER 00639nam a22002175a 4500
001 CEM.cems016601
005 20110818142006.0
008 130507s1993##################000#0#####d
003 CEMS
082 0 4 |a 574.19 
100 1 |a Murray, Roberto K 
245 1 0 |a Bioquímica de harper /  |c Robert K. Murray, Daryl K. Granner, Peter A. Mayes y Víctor W. Rodwell 
250 |a 13a. ed. 
260 |a México :  |b El Manual Moderno,  |c 1993 
300 |a 961 p. 
653 |a Proteínas 
653 |a Enzimas 
653 |a Hormonas 
653 |a Macromoléculas 
653 |a Aminoácidos 
859 |a CEMS  |b BIB. CEMS - Agricultura  |h 574.19  |i M963a13  |p A18873.96  |t Ej.1